000
00276nam a2200121Ia 4500
008
230524s9999 xx 000 0 und d
100
_a
Jane W.S.Liu
245
0
_a
Real -Time Systems
260
_b
Pearson
500
_a
Quantity Number: 10
650
_a
Comp-Sc
942
_c
BK
999
_c
50250
_d
50250